• 首页
  • 本馆介绍
  • 公告通知
  • 最新文献
  • 馆藏检索
  • 电子资源
  • 读者导购
  • 参考咨询
  • 我的图书馆
  • 登录
  • 详细信息显示
  • 放入我的书架
  • 预约/预借图书
  • 作者相关作品
  • 分类相关作品
  • 丛书相关作品
  • 出版社相关作品

书目信息

  • 表格格式
  • 工作单格式
  • 卡片格式
题名:
马列著作选读
    
 
作者: ;马列著作选读·马克思主义是发展的理论编辑组 编
分册:   马克思主义是发展的理论
出版信息: 北京   人民出版社  1988.12
页数: 247页
开本: 20cm
丛书名:
单 册:
中图分类: A5 , A11
科图分类:
主题词: 马列著作--选集 , 马克思主义-马列著作--选集 , 马恩著作--选集 , 马恩著作--文集
电子资源:
ISBN: 7-01-000630-X
000 01055nam0 2200277 45
001 1263809499
005 20120928163054.59
010    @a7-01-000630-X@dCNY3.00
100    @a19920327d1988 em y0chiy0121 ea
101 0  @achi
102    @aCN@b110000
105    @ay z 000yy
200 10 @a马列著作选读@AMA LIE ZHU ZUO XUAN DU@i马克思主义是发展的理论@IMA KE SI ZHU YI SHI FA ZHAN DE LI LUN@f《马列著作选读·马克思主义是发展的理论》编辑组编@F《 MA LIE ZHU ZUO XUAN DU · MA KE SI ZHU YI SHI FA ZHAN DE LI LUN 》 BIAN JI ZU BIAN
210    @a北京@c人民出版社@d1988.12@h1990.2印
215    @a247页@d20cm
300    @a书名页无编者
540 1  @a马列 马克思主义@AMA LIE MA KE SI ZHU YI
606 0  @a马列著作@x选集
606 0  @a马克思主义-马列著作@x选集
606 0  @a马恩著作@x选集
606 0  @a马恩著作@x文集
690    @aA5@v3
690    @aA11@v4
711 A2 @a马列著作选读·马克思主义是发展的理论编辑组@AMA LIE ZHU ZUO XUAN DU · MA KE SI ZHU YI SHI FA ZHAN DE LI LUN BIAN JI ZU@4编
801  0 @aCN@bTSSF@c19920327
905    @a10447@dA11@eJY10
    
    马列著作选读.马克思主义是发展的理论/《马列著作选读·马克思主义是发展的理论》编辑组编.-北京:人民出版社,1988.12(1990.2印)
    247页;20cm
    书名页无编者
    
    ISBN 7-01-000630-X:CNY3.00
    
●
相关链接 在E读中查询图书 在五车中查询图书 在当当中查询图书 在豆瓣中查询图书


正题名:马列著作选读     索取号:A11/JY10         预约/预借

序号 登录号 条形码 馆藏地/架位号 状态 备注
1 7800170   278001706   学院路分馆/ [索取号:A11/JY10] 在馆    
唐山师范学院图书馆 欢迎您!
大连网信软件有限公司© 版权所有